<?xml version="1.0" encoding="UTF-8"?>
<record
    xmlns:xsi="http://www.w3.org/2001/XMLSchema-instance"
    xsi:schemaLocation="http://www.loc.gov/MARC21/slim http://www.loc.gov/standards/marcxml/schema/MARC21slim.xsd"
    xmlns="http://www.loc.gov/MARC21/slim">

  <leader>02440nam a2200337   4500</leader>
  <controlfield tag="003">NALT</controlfield>
  <controlfield tag="005">20260203134654.0</controlfield>
  <controlfield tag="008">250819b        th ||||| |||| 00| 0 tha d</controlfield>
  <datafield tag="020" ind1=" " ind2=" ">
    <subfield code="a">9786160854172</subfield>
  </datafield>
  <datafield tag="040" ind1=" " ind2=" ">
    <subfield code="a">NALT</subfield>
  </datafield>
  <datafield tag="041" ind1="1" ind2=" ">
    <subfield code="a">tha</subfield>
    <subfield code="h">eng</subfield>
  </datafield>
  <datafield tag="050" ind1=" " ind2=" ">
    <subfield code="a">HG 1710</subfield>
    <subfield code="b">&#xE2D;564&#xE14; 2565</subfield>
  </datafield>
  <datafield tag="100" ind1="1" ind2=" ">
    <subfield code="a">&#xE2D;&#xE31;&#xE21;&#xE21;&#xE39;&#xE2A;, &#xE40;&#xE0B;&#xE40;&#xE1F;&#xE14;&#xE35;&#xE19;.</subfield>
    <subfield code="9">64817</subfield>
  </datafield>
  <datafield tag="245" ind1="1" ind2="0">
    <subfield code="a">The bitcoin standard : </subfield>
    <subfield code="b">&#xE23;&#xE30;&#xE1A;&#xE1A;&#xE01;&#xE32;&#xE23;&#xE40;&#xE07;&#xE34;&#xE19;&#xE17;&#xE32;&#xE07;&#xE40;&#xE25;&#xE37;&#xE2D;&#xE01;&#xE43;&#xE2B;&#xE21;&#xE48;&#xE44;&#xE23;&#xE49;&#xE28;&#xE39;&#xE19;&#xE22;&#xE4C;&#xE01;&#xE25;&#xE32;&#xE07; /</subfield>
    <subfield code="c">&#xE42;&#xE14;&#xE22; Saifedean Ammous ; &#xE40;&#xE23;&#xE35;&#xE22;&#xE1A;&#xE40;&#xE23;&#xE35;&#xE22;&#xE07;&#xE42;&#xE14;&#xE22; &#xE1E;&#xE34;&#xE23;&#xE34;&#xE22;&#xE30; &#xE2A;&#xE31;&#xE21;&#xE1E;&#xE31;&#xE19;&#xE18;&#xE32;&#xE23;&#xE31;&#xE01;&#xE29;&#xE4C;, &#xE1E;&#xE35;&#xE23;&#xE1E;&#xE31;&#xE12;&#xE19;&#xE4C; &#xE2B;&#xE32;&#xE0D;&#xE04;&#xE07;&#xE41;&#xE01;&#xE49;&#xE27;.</subfield>
  </datafield>
  <datafield tag="246" ind1="3" ind2="1">
    <subfield code="a">The bitcoin standard : </subfield>
    <subfield code="b">the decentralized alternative to central banking.</subfield>
  </datafield>
  <datafield tag="260" ind1=" " ind2=" ">
    <subfield code="a">&#xE01;&#xE23;&#xE38;&#xE07;&#xE40;&#xE17;&#xE1E;&#xE2F; : </subfield>
    <subfield code="b">&#xE0B;&#xE35;&#xE40;&#xE2D;&#xE47;&#xE14;&#xE22;&#xE39;&#xE40;&#xE04;&#xE0A;&#xE31;&#xE48;&#xE19;, </subfield>
    <subfield code="c">2565.</subfield>
  </datafield>
  <datafield tag="300" ind1=" " ind2=" ">
    <subfield code="a">510 &#xE2B;&#xE19;&#xE49;&#xE32; : </subfield>
    <subfield code="b">&#xE15;&#xE32;&#xE23;&#xE32;&#xE07;, &#xE41;&#xE1C;&#xE19;&#xE20;&#xE39;&#xE21;&#xE34; ;</subfield>
    <subfield code="c">21 &#xE0B;&#xE21;. </subfield>
  </datafield>
  <datafield tag="505" ind1="2" ind2=" ">
    <subfield code="a">&#xE1A;&#xE17;&#xE17;&#xE35;&#xE48; 1 &#xE40;&#xE07;&#xE34;&#xE19; -- &#xE1A;&#xE17;&#xE17;&#xE35;&#xE48; 2 &#xE40;&#xE07;&#xE34;&#xE19;&#xE1A;&#xE23;&#xE23;&#xE1E;&#xE01;&#xE32;&#xE25; -- &#xE1A;&#xE17;&#xE17;&#xE35;&#xE48; 3 &#xE40;&#xE2B;&#xE23;&#xE35;&#xE22;&#xE0D;&#xE42;&#xE25;&#xE2B;&#xE30; -- &#xE1A;&#xE17;&#xE17;&#xE35;&#xE48; 4 &#xE40;&#xE07;&#xE34;&#xE19;&#xE23;&#xE31;&#xE10;&#xE1A;&#xE32;&#xE25; -- &#xE1A;&#xE17;&#xE17;&#xE35;&#xE48; 5 &#xE40;&#xE07;&#xE34;&#xE19;&#xE41;&#xE25;&#xE30;&#xE04;&#xE27;&#xE32;&#xE21;&#xE40;&#xE2B;&#xE47;&#xE19;&#xE41;&#xE01;&#xE48;&#xE40;&#xE27;&#xE25;&#xE32; -- &#xE1A;&#xE17;&#xE17;&#xE35;&#xE48; 6 &#xE23;&#xE30;&#xE1A;&#xE1A;&#xE2A;&#xE32;&#xE23;&#xE2A;&#xE19;&#xE40;&#xE17;&#xE28;&#xE02;&#xE2D;&#xE07;&#xE23;&#xE30;&#xE1A;&#xE2D;&#xE1A;&#xE17;&#xE38;&#xE19;&#xE19;&#xE34;&#xE22;&#xE21; -- &#xE48;&#xE1A;&#xE17;&#xE17;&#xE35;&#xE48; 7 &#xE40;&#xE07;&#xE34;&#xE19;&#xE17;&#xE35;&#xE48;&#xE21;&#xE31;&#xE48;&#xE19;&#xE04;&#xE07;&#xE41;&#xE25;&#xE30;&#xE40;&#xE2A;&#xE23;&#xE35;&#xE20;&#xE32;&#xE1E;&#xE43;&#xE19;&#xE23;&#xE30;&#xE14;&#xE31;&#xE1A;&#xE1A;&#xE38;&#xE04;&#xE04;&#xE25; -- &#xE1A;&#xE17;&#xE17;&#xE35;&#xE48; 8 &#xE40;&#xE07;&#xE34;&#xE19;&#xE14;&#xE34;&#xE08;&#xE34;&#xE17;&#xE31;&#xE25; -- &#xE1A;&#xE17;&#xE17;&#xE35;&#xE48; 9 &#xE1A;&#xE34;&#xE15;&#xE04;&#xE2D;&#xE22;&#xE19;&#xE4C;&#xE21;&#xE35;&#xE1B;&#xE23;&#xE30;&#xE42;&#xE22;&#xE0A;&#xE19;&#xE4C;&#xE2D;&#xE22;&#xE48;&#xE32;&#xE07;&#xE44;&#xE23; -- &#xE1A;&#xE17;&#xE17;&#xE35;&#xE48; 10 &#xE02;&#xE49;&#xE2D;&#xE2A;&#xE07;&#xE2A;&#xE31;&#xE22;&#xE40;&#xE01;&#xE35;&#xE48;&#xE22;&#xE27;&#xE01;&#xE31;&#xE1A;&#xE1A;&#xE34;&#xE15;&#xE04;&#xE2D;&#xE22;&#xE19;&#xE4C;.</subfield>
  </datafield>
  <datafield tag="650" ind1=" " ind2="4">
    <subfield code="a">&#xE1A;&#xE34;&#xE17;&#xE04;&#xE2D;&#xE22;&#xE19;&#xE4C;</subfield>
    <subfield code="9">29952</subfield>
  </datafield>
  <datafield tag="650" ind1=" " ind2="4">
    <subfield code="a">&#xE1A;&#xE34;&#xE15;&#xE04;&#xE2D;&#xE22;&#xE19;&#xE4C; </subfield>
    <subfield code="x">&#xE19;&#xE42;&#xE22;&#xE1A;&#xE32;&#xE22;&#xE02;&#xE2D;&#xE07;&#xE23;&#xE31;&#xE10;</subfield>
    <subfield code="9">66492</subfield>
  </datafield>
  <datafield tag="650" ind1=" " ind2="4">
    <subfield code="a">&#xE01;&#xE32;&#xE23;&#xE1E;&#xE32;&#xE13;&#xE34;&#xE0A;&#xE22;&#xE4C;&#xE2D;&#xE34;&#xE40;&#xE25;&#xE47;&#xE01;&#xE17;&#xE23;&#xE2D;&#xE19;&#xE34;&#xE01;&#xE2A;&#xE4C;</subfield>
    <subfield code="9">735</subfield>
  </datafield>
  <datafield tag="700" ind1="1" ind2=" ">
    <subfield code="a">Ammous, Saifedean</subfield>
    <subfield code="9">64819</subfield>
  </datafield>
  <datafield tag="700" ind1="0" ind2=" ">
    <subfield code="a">&#xE1E;&#xE34;&#xE23;&#xE34;&#xE22;&#xE30; &#xE2A;&#xE31;&#xE21;&#xE1E;&#xE31;&#xE19;&#xE18;&#xE32;&#xE23;&#xE31;&#xE01;&#xE29;&#xE4C;</subfield>
    <subfield code="9">63196</subfield>
  </datafield>
  <datafield tag="700" ind1="0" ind2=" ">
    <subfield code="a">&#xE1E;&#xE35;&#xE23;&#xE1E;&#xE31;&#xE12;&#xE19;&#xE4C; &#xE2B;&#xE32;&#xE0D;&#xE04;&#xE07;&#xE41;&#xE01;&#xE49;&#xE27; </subfield>
    <subfield code="9">64820</subfield>
  </datafield>
  <datafield tag="942" ind1=" " ind2=" ">
    <subfield code="2">lcc</subfield>
    <subfield code="c">GB</subfield>
  </datafield>
  <datafield tag="996" ind1=" " ind2=" ">
    <subfield code="a">jidapa.t</subfield>
    <subfield code="b">ACQSTF</subfield>
    <subfield code="c">2025-08-19</subfield>
  </datafield>
  <datafield tag="996" ind1=" " ind2=" ">
    <subfield code="a">varee.k</subfield>
    <subfield code="b">LIBSTF</subfield>
    <subfield code="c">2025-08-20</subfield>
  </datafield>
  <datafield tag="996" ind1=" " ind2=" ">
    <subfield code="a">saiphon.d</subfield>
    <subfield code="b">CATSTF	</subfield>
    <subfield code="c">2025-08-22</subfield>
  </datafield>
  <datafield tag="999" ind1=" " ind2=" ">
    <subfield code="c">107116</subfield>
    <subfield code="d">107116</subfield>
  </datafield>
  <datafield tag="998" ind1=" " ind2=" ">
    <subfield code="j">8</subfield>
    <subfield code="k"> &#xE19;&#xE32;&#xE22;&#xE1A;&#xE31;&#xE13;&#xE11;&#xE34;&#xE15;  &#xE2D;&#xE38;&#xE17;&#xE32;&#xE27;&#xE07;&#xE04;&#xE4C;</subfield>
  </datafield>
  <datafield tag="952" ind1=" " ind2=" ">
    <subfield code="0">0</subfield>
    <subfield code="1">0</subfield>
    <subfield code="2">lcc</subfield>
    <subfield code="4">0</subfield>
    <subfield code="7">0</subfield>
    <subfield code="8">CGBL</subfield>
    <subfield code="a">NALT</subfield>
    <subfield code="b">NALT</subfield>
    <subfield code="c">GEN</subfield>
    <subfield code="d">2025-08-19</subfield>
    <subfield code="l">6</subfield>
    <subfield code="m">6</subfield>
    <subfield code="o">HG 1710 &#xE2D;564&#xE14; 2565</subfield>
    <subfield code="p">3961215587</subfield>
    <subfield code="r">2026-02-16 00:00:00</subfield>
    <subfield code="s">2026-02-03</subfield>
    <subfield code="w">2025-08-19</subfield>
    <subfield code="y">GB</subfield>
  </datafield>
</record>
